Managing Organizational behavoir / (Record no. 8537)
[ view plain ]
| 000 -LEADER | |
|---|---|
| fixed length control field | 01166nam a22001937a 4500 |
| 005 - DATE AND TIME OF LATEST TRANSACTION | |
| control field | 20220128151327.0 |
| 008 - FIXED-LENGTH DATA ELEMENTS--GENERAL INFORMATION | |
| fixed length control field | 220128b ||||| |||| 00| 0 eng d |
| 020 ## - INTERNATIONAL STANDARD BOOK NUMBER | |
| International Standard Book Number | 13978111525590 |
| 050 ## - LIBRARY OF CONGRESS CALL NUMBER | |
| Classification number | HD58.7.G75 (10ed) |
| 100 ## - MAIN ENTRY--PERSONAL NAME | |
| 9 (RLIN) | Gregory,Moorhead. |
| 245 ## - TITLE STATEMENT | |
| Title | Managing Organizational behavoir / |
| Statement of responsibility, etc. | Griffin W. Ricky |
| 250 ## - EDITION STATEMENT | |
| Edition statement | 10th. |
| 260 ## - PUBLICATION, DISTRIBUTION, ETC. | |
| Place of publication, distribution, etc. | Japan. |
| Name of publisher, distributor, etc. | South-Western Cengage; |
| Date of publication, distribution, etc. | 2012. |
| 300 ## - PHYSICAL DESCRIPTION | |
| Extent | 592p.: |
| Other physical details | ill; |
| Dimensions | 24cm. |
| 500 ## - GENERAL NOTE | |
| General note | Includes Subject and Name index. |
| 505 ## - FORMATTED CONTENTS NOTE | |
| Formatted contents note | Content:Foundations of organizational behavior -- The dynamic environment -- Organizations and individuals -- Behavior of individuals -- Motivation of individuals -- individual performance -- Rewarding individuals performance -- Stress management -- Problem solving and decision making -- Groups in organization -- Groups and interpersonal behavior -- organizations and teams -- Organizations and communications -- leadership -- Modern perspectives on leadership -- Power, politics and Justice -- Conflict and resolution -- Process in organisations -- Structure in organisation -- Design -- Culture -- Development and change. |
| 700 ## - ADDED ENTRY--PERSONAL NAME | |
| Personal name | Griffin W. Ricky |
| 942 ## - ADDED ENTRY ELEMENTS (KOHA) | |
| Source of classification or shelving scheme | Library of Congress Classification |
| Koha item type | Books |
| Withdrawn status | Lost status | Source of classification or shelving scheme | Damaged status | Not for loan | Home library | Current library | Shelving location | Date acquired | Total Checkouts | Full call number | Barcode | Date last seen | Copy number | Price effective from | Koha item type |
|---|---|---|---|---|---|---|---|---|---|---|---|---|---|---|---|
| Library of Congress Classification | WISCONSIN INTERNATIONAL UNIVERSITY COLLEGE, GHANA - MAIN LIBRARY | WISCONSIN INTERNATIONAL UNIVERSITY COLLEGE, GHANA - MAIN LIBRARY | Reference | 28/01/2022 | HD58.7.G75 (10ed) | 8454/106/20 | 28/01/2022 | 1 | 28/01/2022 | Books | |||||
| Dewey Decimal Classification | WISCONSIN INTERNATIONAL UNIVERSITY COLLEGE, GHANA - MAIN LIBRARY | WISCONSIN INTERNATIONAL UNIVERSITY COLLEGE, GHANA - MAIN LIBRARY | Reference | 28/01/2022 | HD58.7.G751 (10ed) | 8455/107/20 | 28/01/2022 | 2 | 28/01/2022 | Books | |||||
| Dewey Decimal Classification | WISCONSIN INTERNATIONAL UNIVERSITY COLLEGE, GHANA - MAIN LIBRARY | WISCONSIN INTERNATIONAL UNIVERSITY COLLEGE, GHANA - MAIN LIBRARY | Reference | 28/01/2022 | HD58.7.G752 (10ed) | 8456/108/20 | 28/01/2022 | 3 | 28/01/2022 | Books |
